Программа и тезисы докладов XXIII совещания по ядерной спектроскопии и структуре атомного ядра. Тбилиси. 30 января - 2 февраля 1973 г. (Запись № 6474989)

Подробности
000 -МАРКЕР
контрольное поле 01632nam0a22002891 4500
001 - ИДЕНТИФИКАТОР ЗАПИСИ
контрольное поле rc\3550605
005 - ИДЕНТИФИКАТОР ВЕРСИИ
контрольное поле 20260407184552.0
021 ## - НОМЕР ГОСУДАРСТВЕННОЙ РЕГИСТРАЦИИ
Код страны российская федерация
Номер [73-6142]
035 ## - ДРУГИЕ СИСТЕМНЫЕ НОМЕРА
Идентификатор записи (NLR Aleph) 007674910
100 ## - ДАННЫЕ ОБЩЕЙ ОБРАБОТКИ
Данные общей обработки 20130115d1973 |||y0rusy50 ca
101 0# - ЯЗЫК РЕСУРСА
Язык текста, звукозаписи и т.д. русский
102 ## - СТРАНА ПУБЛИКАЦИИ ИЛИ ПРОИЗВОДСТВА
Страна публикации российская федерация
105 ## - ПОЛЕ КОДИРОВАННЫХ ДАННЫХ: ТЕКСТОВЫЕ МАТЕРИАЛЫ, МОНОГРАФИЧЕСКИЕ
Кодированные данные о монографическом текстовом документе a z |||||
200 1# - ЗАГЛАВИЕ И СВЕДЕНИЯ ОБ ОТВЕТСТВЕННОСТИ
Основное заглавие Программа и тезисы докладов XXIII совещания по ядерной спектроскопии и структуре атомного ядра. Тбилиси. 30 января - 2 февраля 1973 г.
Первые сведения об ответственности АН СССР. Гос. ком. по использованию атомной энергии СССР. Тбил. гос. ун-т
210 ## - ПУБЛИКАЦИЯ, РАСПРОСТРАНЕНИЕ И ДР.
Место издания, распространения и т.д. Ленинград
Имя издателя, распространителя и т. д. Наука. Ленингр. отд-ние
Дата издания, распространения и т.д. 1973
215 ## - ФИЗИЧЕСКАЯ ХАРАКТЕРИСТИКА
Специфическое обозначение материала и объем 387 с.
Другие сведения о физической характеристике черт.
Размеры 21
320 ## - ПРИМЕЧАНИЯ О НАЛИЧИИ В ДОКУМЕНТЕ БИБЛИОГРАФИИ / УКАЗАТЕЛЯ
Текст примечания Списки лит. в конце докл.
532 11 - РАСШИРЕННОЕ ЗАГЛАВИЕ
Заглавие Программа и тезисы докладов двадцать третьего совещания по ядерной спектроскопии и структуре атомного ядра. Тбилиси. 30 января - 2 февраля 1973 г.
606 ## - НАИМЕНОВАНИЕ ТЕМЫ КАК ПРЕДМЕТ
Наименование темы Атомное ядро
Тематический подзаголовок Структура
Формальный подзаголовок Тезисы докладов
Код системы psbo
606 ## - НАИМЕНОВАНИЕ ТЕМЫ КАК ПРЕДМЕТ
Наименование темы Спектроскопия ядерная
Формальный подзаголовок Тезисы докладов
Код системы psbo
710 12 - НАИМЕНОВАНИЕ ОРГАНИЗАЦИИ - ПЕРВИЧНАЯ ОТВЕТСТВЕННОСТЬ
Начальный элемент ввода Всесоюзное совещание по ядерной спектроскопии
Порядковый номер временной организации и / или порядковый номер ее части 23
Дата проведения временной организации 1973
Место проведения временной организации Тбилиси
Идентификатор авторитетной/нормативной записи RU\NLR\AUTH\8810120616
Системный номер авторитетной/нормативной записи 739557
801 #0 - ИСТОЧНИК ЗАПИСИ
Страна российская федерация
Организация NLR
Правила каталогизации psbo
801 #1 - ИСТОЧНИК ЗАПИСИ
Страна российская федерация
Организация ELAR
Источник данных rusmarc
852 ## - МЕСТОНАХОЖДЕНИЕ И ШИФР ХРАНЕНИЯ
Идентификатор организации NLR
Шифр хранения (Call Number) 72-5/5293
942 ## - ДОПОЛНИТЕЛЬНЫЕ ЭЛЕМЕНТЫ ЗАПИСИ (АБИС)
Тип экземпляра АБИС Книга
980 ## - КОЛЛЕКЦИЯ
Название коллекции Национальная библиография
Экземпляры
Тип экземпляра Дата поступления Библиотека постоянного хранения Библиотека текущего хранения Место хранения Шифр хранения Штрих-код Статус не для выдачи
Книга 26.10.2013 РНБ (Московский) РНБ (Московский) Русский книжный фонд: издания с 1957 года, 9этаж, Хран. 72-5/5293 7674910-10